Strengthen and improve the organization and administration of the Department of State.

Bibliographic Details
Corporate Authors: United States. Congress. Senate. Committee on Foreign Relations, ProQuest (Firm)
Format: eBook
Language:English
Published: Washington : [publisher not identified], 1949.
Series:United States congressional serial set.
Subjects:
Online Access:Connect to the full text of this electronic book

MARC

Tag First Indicator Second Indicator Subfields
LEADER 00000cam a22000001a 4500
001 in00003083813
005 20190403181256.0
006 m o d
007 cr un mmmapmmp
008 080311s1949 dcu o f000 0 eng d
035 |a cis2004230335 
040 |a UMI  |c UMI  |d UtOrBLW 
043 |a n-us--- 
099 |a ProQuest Serial Set Number 11292 S.rp.304 
110 1 |a United States.  |b Congress.  |b Senate.  |b Committee on Foreign Relations. 
245 1 0 |a Strengthen and improve the organization and administration of the Department of State. 
246 1 |a Strengthen and improve organization and administration of State Department 
264 1 |a Washington :  |b [publisher not identified],  |c 1949. 
300 |a 1 online resource. 
336 |a text  |b txt  |2 rdacontent 
337 |a computer  |b c  |2 rdamedia 
338 |a online resource  |b cr  |2 rdacarrier 
490 0 |a S.rp.304 
500 |a Record is based on bibliographic data in ProQuest U.S. Serial Set Digital Collection (last viewed Mar. 2008). Reuse except for individual research requires license from ProQuest, LLC. 
510 3 |a ProQuest U.S. Serial Set Digital Collection 
500 |a Electronic resource. 
610 1 0 |a United States.  |b Department of State. 
650 0 |a Administrative agencies  |x Reorganization. 
655 7 |a Electronic books.  |2 local 
710 2 |a ProQuest (Firm) 
830 0 |a United States congressional serial set. 
856 4 0 |u http://proxy.library.tamu.edu/login?url=http://congressional.proquest.com/congcomp/getdoc?SERIAL-SET-ID=11292+S.rp.304  |z Connect to the full text of this electronic book  |t 0 
999 |a MARS 
999 f f |s adadec44-8027-3f9e-8940-ee2b2c0b65d8  |i 3ec879fc-0929-3391-97d8-d264624c3637  |t 0 
952 f f |a Texas A&M University  |b College Station  |c Electronic Resources  |d Available Online  |t 0  |e ProQuest Serial Set Number 11292 S.rp.304  |h Other scheme 
998 f f |a ProQuest Serial Set Number 11292 S.rp.304  |t 0  |l Available Online